[Event "3rd DC International"]
[Site "Arlington, VA"]
[Date "2015.06.30"]
[Round "9"]
[White "Wu, Christopher"]
[Black "Boas, Toby"]
[Result "1/2-1/2"]
[WhiteElo "2317"]
[BlackElo "2218"]
[PlyCount "114"]
[EventDate "2015.06.??"]
[EventType "swiss"]
[EventRounds "9"]
[EventCountry "USA"]

1. e4 Nf6 2. e5 Nd5 3. d4 d6 4. c4 Nb6 5. exd6 cxd6 6. d5 e5 7. Nc3 g6 8. h4 h6
9. Be3 Na6 10. a4 f5 11. a5 Nd7 12. Qb1 e4 13. Nb5 Ne5 14. Nxa7 Bg7 15. Ra3 Nb4
16. f4 Ned3+ 17. Bxd3 Nxd3+ 18. Rxd3 exd3 19. b4 Qe7 20. Kf2 Rxa7 21. Bxa7 Qe4
22. Qe1 Qxe1+ 23. Kxe1 Bc3+ 24. Kf2 Bxb4 25. Ke3 Bxa5 26. Bd4 Rh7 27. Kxd3 b5
28. cxb5 Rb7 29. b6 Bxb6 30. Bxb6 Rxb6 31. Nf3 Rb2 32. Nd2 Rb5 33. Kc4 Rc5+ 34.
Kd4 Bb7 35. Re1+ Kf7 36. g3 Rxd5+ 37. Kc3 Rc5+ 38. Kd4 Bd5 39. Ra1 Kf6 40. Ra6
Ke6 41. Ra3 Bc6 42. Re3+ Kf6 43. Rc3 Rd5+ 44. Ke3 Bb5 45. Nf3 Rd1 46. Rc2 Rd3+
47. Kf2 Ra3 48. Rd2 Ke7 49. Nd4 Bd3 50. Nc6+ Kd7 51. Nd4 Be4 52. Rd1 d5 53. Rd2
Ra1 54. Ke3 Re1+ 55. Kf2 Rh1 56. Ke3 Re1+ 57. Kf2 Rh1 1/2-1/2

[Event "3rd DC International"]
[Site "Arlington, VA"]
[Date "2015.06.30"]
[Round "9"]
[White "Korba, Nicky"]
[Black "Debs, Felipe"]
[Result "0-1"]
[WhiteElo "2117"]
[BlackElo "2515"]
[PlyCount "96"]
[EventDate "2015.06.??"]
[EventType "swiss"]
[EventRounds "9"]
[EventCountry "USA"]

1. e4 c5 2. Nf3 g6 3. d4 cxd4 4. Nxd4 Bg7 5. Nb3 Nc6 6. Be2 Nf6 7. Nc3 d6 8.
O-O O-O 9. Re1 a6 10. Bf1 Bg4 11. f3 Be6 12. Bg5 Nd7 13. Be3 Rc8 14. Nd4 Nxd4
15. Bxd4 Bxd4+ 16. Qxd4 Qb6 17. Qxb6 Nxb6 18. Rac1 Rc7 19. Bd3 Rfc8 20. Ne2 Na4
21. Rb1 Nc5 22. a3 Bb3 23. Nc1 Nxd3 24. cxd3 Ba4 25. b3 Bd7 26. Ne2 Rc2 27. Kf2
Ra2 28. Ra1 Rb2 29. Rab1 Rcc2 30. Rxb2 Rxb2 31. b4 Rb3 32. Rc1 Rxd3 33. Rc7 Bb5
34. Nf4 Rxa3 35. Rxb7 Ra2+ 36. Kg1 e6 37. h4 h6 38. Rb8+ Kg7 39. Rb7 Kf6 40. g4
Rb2 41. Nh3 g5 42. f4 gxh4 43. g5+ hxg5 44. Nxg5 e5 45. Rxf7+ Kg6 46. Rf5 Bd7
47. Rf7 Bg4 48. Ra7 exf4 0-1

[Event "3rd DC International"]
[Site "Arlington, VA"]
[Date "2015.06.30"]
[Round "9"]
[White "Santarius, Erik"]
[Black "Korley, Kassa"]
[Result "0-1"]
[WhiteElo "2266"]
[BlackElo "2435"]
[PlyCount "62"]
[EventDate "2015.06.??"]
[EventType "swiss"]
[EventRounds "9"]
[EventCountry "USA"]

1. e4 d5 2. exd5 Qxd5 3. Nc3 Qd6 4. d4 Nf6 5. Nf3 g6 6. Nb5 Qb6 7. Bf4 Na6 8.
c4 c6 9. c5 Qd8 10. Nc3 Nc7 11. Qb3 Bg7 12. Bc4 O-O 13. O-O Nh5 14. Be3 e6 15.
Ne4 Nd5 16. a4 Nxe3 17. fxe3 Nf6 18. Nd6 Ne8 19. Nxc8 Qxc8 20. Ng5 Nc7 21. Rf3
Qd8 22. Qxb7 Rb8 23. Qxc6 Rxb2 24. Bf1 Qxg5 25. Qxc7 e5 26. Rd1 exd4 27. exd4
Rd2 28. Rxd2 Qxd2 29. c6 Bxd4+ 30. Kh1 Bb6 31. Qb7 Qd4 0-1

[Event "3rd DC International"]
[Site "Arlington, VA"]
[Date "2015.06.30"]
[Round "9"]
[White "Rohan, Ahuja"]
[Black "Shen, Arthur"]
[Result "1/2-1/2"]
[WhiteElo "2218"]
[BlackElo "2339"]
[PlyCount "34"]
[EventDate "2015.06.??"]
[EventType "swiss"]
[EventRounds "9"]
[EventCountry "USA"]

1. Nf3 Nf6 2. g3 b6 3. Bg2 Bb7 4. O-O g6 5. b4 Bg7 6. Bb2 Na6 7. b5 Nc5 8. c4
O-O 9. d4 Nce4 10. Nbd2 a6 11. a4 Nxd2 12. Qxd2 Be4 13. Rfc1 Qc8 14. d5 axb5
15. axb5 c6 16. bxc6 dxc6 17. dxc6 Bxc6 1/2-1/2

[Event "3rd DC International"]
[Site "Arlington, VA"]
[Date "2015.06.30"]
[Round "9"]
[White "Burke, John"]
[Black "Katz, Alexander"]
[Result "1/2-1/2"]
[WhiteElo "2258"]
[BlackElo "2320"]
[PlyCount "54"]
[EventDate "2015.06.??"]
[EventType "swiss"]
[EventRounds "9"]
[EventCountry "USA"]

1. e4 e6 2. d4 d5 3. Nd2 Nf6 4. e5 Nfd7 5. Bd3 c5 6. c3 Nc6 7. Ngf3 Qb6 8. O-O
Be7 9. dxc5 Qc7 10. b4 Ndxe5 11. Nxe5 Nxe5 12. Bb5+ Bd7 13. Bxd7+ Nxd7 14. c4
a5 15. cxd5 exd5 16. Nb3 axb4 17. Qxd5 Nxc5 18. Nxc5 Qxc5 19. Qxb7 O-O 20. Bd2
Rfd8 21. Be3 Qd6 22. Rac1 Qe6 23. Bc5 Bxc5 24. Rxc5 Rdb8 25. Ra5 Qc8 26. Qxc8+
Rxc8 27. Rb5 Rxa2 1/2-1/2

[Event "3rd DC International"]
[Site "Arlington, VA"]
[Date "2015.06.30"]
[Round "9"]
[White "Wang, Qibiao"]
[Black "Panchanatham, Vignesh"]
[Result "1-0"]
[WhiteElo "2304"]
[BlackElo "2217"]
[PlyCount "95"]
[EventDate "2015.06.??"]
[EventType "swiss"]
[EventRounds "9"]
[EventCountry "USA"]

1. d4 e6 2. Nf3 d5 3. c4 c6 4. Qc2 Nf6 5. g3 Bb4+ 6. Bd2 a5 7. Bg2 O-O 8. O-O
Ne4 9. Bf4 Bd6 10. Nc3 Nxc3 11. bxc3 dxc4 12. a4 Bxf4 13. gxf4 Qc7 14. e3 Nd7
15. Nd2 b6 16. Nxc4 Ba6 17. Qa2 Rab8 18. Rfd1 Bxc4 19. Qxc4 Rfc8 20. Qd3 b5 21.
Rdb1 b4 22. cxb4 axb4 23. a5 c5 24. dxc5 Nxc5 25. Qc4 b3 26. Rb2 Qd6 27. Rc1 g6
28. Qd4 Qf8 29. Rc4 Rb5 30. Qc3 Rd8 31. Bf1 Ra8 32. Rb1 Rbxa5 33. Bg2 R8a7 34.
Rd1 Rb5 35. Bc6 Rba5 36. Rcd4 Ra8 37. Bxa8 Rxa8 38. Rc4 Nb7 39. Rc7 Nd6 40.
Qxb3 Ne4 41. Qb7 Nf6 42. Rxf7 Qxf7 43. Qxa8+ Kg7 44. Ra1 Kh6 45. Ra7 Nd7 46.
Qd8 Qf5 47. Qh4+ Kg7 48. Rxd7+ 1-0

[Event "3rd DC International"]
[Site "Arlington, VA"]
[Date "2015.06.30"]
[Round "9"]
[White "Mandizha, Farai"]
[Black "Yuvarajan, Prathiba"]
[Result "1/2-1/2"]
[WhiteElo "2362"]
[BlackElo "2178"]
[PlyCount "105"]
[EventDate "2015.06.??"]
[EventType "swiss"]
[EventRounds "9"]
[EventCountry "USA"]

1. Nf3 d5 2. c4 e6 3. d4 f5 4. g3 c6 5. Bg2 Nf6 6. O-O Bd6 7. Nc3 O-O 8. Bf4
Bxf4 9. gxf4 Qd6 10. Ne5 b6 11. Rc1 Bb7 12. cxd5 exd5 13. e3 Bc8 14. Qc2 Be6
15. Ne2 a5 16. Qb3 Ra6 17. Rfd1 a4 18. Qc2 a3 19. b3 Ra7 20. Nd3 Rc8 21. b4
Nbd7 22. Nc3 Nf8 23. Qb3 Ng6 24. Rc2 Nh4 25. Rdc1 Rac7 26. Qxa3 Nxg2 27. Kxg2
Ne4 28. Qa6 g5 29. Qxb6 Rg7 30. Kh1 gxf4 31. Nxf4 Rb8 32. Qa5 Bd7 33. a3 Qh6
34. Qc7 Rc8 35. Qb7 Qh4 36. Rg1 Rxg1+ 37. Kxg1 Qg4+ 38. Kh1 Qf3+ 39. Kg1 Qg4+
40. Ng2 Nxc3 41. Qxd7 Qd1+ 42. Ne1 Qxe1+ 43. Kg2 Rf8 44. Qxc6 Qd1 45. Qe6+ Rf7
46. Qe8+ Rf8 47. Qe6+ Rf7 48. Rxc3 Qg4+ 49. Kh1 Qd1+ 50. Kg2 Qg4+ 51. Kf1 Qd1+
52. Kg2 Qg4+ 53. Kh1 1/2-1/2

[Event "3rd DC International"]
[Site "Arlington, VA"]
[Date "2015.06.30"]
[Round "9"]
[White "Wheeler, Cameron"]
[Black "Li, Ruifeng"]
[Result "1/2-1/2"]
[WhiteElo "2299"]
[BlackElo "2394"]
[PlyCount "98"]
[EventDate "2015.06.??"]
[EventType "swiss"]
[EventRounds "9"]
[EventCountry "USA"]

1. Nf3 d6 2. d4 g6 3. e4 Bg7 4. Nc3 a6 5. a4 Nd7 6. Bc4 e6 7. O-O Ne7 8. Bf4
O-O 9. Qd2 b6 10. Rad1 Bb7 11. Rfe1 Nf6 12. Bg5 d5 13. exd5 Nexd5 14. Nxd5 Bxd5
15. Bxd5 Qxd5 16. Qf4 Qd6 17. Qh4 Qd8 18. Rd3 Re8 19. Ne5 h6 20. Bxh6 Nh7 21.
Qf4 Qf6 22. Qd2 Bxh6 23. Qxh6 Qg7 24. Qd2 Rad8 25. h4 Nf6 26. Rf3 Rf8 27. Qg5
Nh7 28. Qf4 c5 29. dxc5 bxc5 30. c3 Rd5 31. b4 cxb4 32. cxb4 Kh8 33. Nxf7+ Kg8
34. Nh6+ Kh8 35. Nf7+ Kg8 36. Rxe6 Rxf7 37. Qxf7+ Qxf7 38. Rxf7 Kxf7 39. Rxa6
Nf6 40. g3 Nd7 41. b5 Rd1+ 42. Kg2 Rb1 43. Rd6 Nc5 44. Rd4 Ke6 45. Rg4 Kf6 46.
Rc4 Nd7 47. Rc7 Ke6 48. Rc6+ Kf7 49. f4 Rb4 1/2-1/2